Aproximaciones conceptuales a lo no agropecuario y sus implicaciones para las estrategias de desarrollo rural /

Na minha lista:
Detalhes bibliográficos
Autor principal: Craviotti, Clara
Formato: Texto
Assuntos:
Tags: Adicionar Tag
Sem tags, seja o primeiro a adicionar uma tag!

MARC

LEADER 00000 a a2200000 04500
001 12598
003
040
100 |a Craviotti, Clara  
245 |a Aproximaciones conceptuales a lo no agropecuario y sus implicaciones para las estrategias de desarrollo rural /  |c Clara Craviotti 
650 |a ZONAS RURALES  
650 |a EMPLEO RURAL  
650 |a DESARROLLO RURAL  
773 |g volumen 4, número 2; páginas 53-69  
999 |c 21785  |d 21785